000 01004caa a22002537a 4500
999 _c421473
_d421473
001 132895
003 UA-OsUOA
005 20200104230811.0
007 ta
008 20180914b un ||||| |||| 00| 0 ukr d
040 _aUA-OsUOA
_brus
_cUA-OsUOA
_dUA-OsUOA
041 _arus
080 _a908
090 _a908
_bА22
100 _aАвтократова М.
245 _aК истории издания и распространения первой московской Библии (Острожская Библия ЦГАДА — наборный экземпляр для Библии 1663 г.)
_cМ. Автократова, С. Долгова
300 _aС. 168–171
650 7 _a908 Краєзнавство
_2UDC
700 _aДолгова С.
773 0 _0374904
_9397436
_dМ. Наука 1985
_o72281
_tФедоровские чтения 1981
_w(UA-OsUOA) 87933
942 _cBKA
_2udc
955 _a1